[Event "Karelia-ch"]
[Site "Petrozavodsk"]
[Date "2008.03.08"]
[Round "6"]
[White "Burkov, German"]
[Black "Sharshutin, Sergey"]
[Result "1/2-1/2"]
[WhiteElo "2197"]
[BlackElo "2049"]
[PlyCount "58"]
[EventDate "2008.03.05"]
[EventType "swiss"]
[EventRounds "9"]
[EventCountry "RUS"]
[SourceTitle "CBM 123 Extra"]
[Source "ChessBase"]
[SourceDate "2008.05.06"]
[SourceVersion "1"]
[SourceVersionDate "2008.05.06"]
[SourceQuality "1"]

1. c4 Nf6 2. Nc3 g6 3. e4 d6 4. d4 Bg7 5. f3 0-0 6. Be3 c6 7. Qd2 e5 8. d5 cxd5 9. cxd5 Nh5 10. 0-0-0 f5 11. Nge2 a6 12. Kb1 Nd7 13. Rc1 b5 14. Rc2 Nb6 15. Nc1 Bd7 16. Nb3 Nf6 17. Na5 b4 18. Nd1 Nbxd5 19. Nc6 Bxc6 20. Rxc6 Nxe3 21. Nxe3 Bh6 22. Qxb4 Bxe3 23. Qb3+ d5 24. Qxe3 fxe4 25. Bxa6 Qa5 26. Qb6 Qxb6 27. Rxb6 exf3 28. gxf3 Kg7 29. Re1 Rfe8 1/2-1/2

[Event "Dubna op"]
[Site "Dubna"]
[Date "2007.08.12"]
[Round "14"]
[White "Vakhlamov, Igor L"]
[Black "Burkov, German"]
[Result "1/2-1/2"]
[WhiteElo "2028"]
[BlackElo "2149"]
[PlyCount "40"]
[EventDate "2007.08.02"]
[EventType "swiss"]
[EventRounds "14"]
[EventCountry "RUS"]
[SourceTitle "EXT 2008"]
[Source "ChessBase"]
[SourceDate "2007.11.25"]
[SourceVersion "1"]
[SourceVersionDate "2007.11.25"]
[SourceQuality "1"]

1. e4 d5 2. exd5 Qxd5 3. Nc3 Qd6 4. d4 Nf6 5. g3 a6 6. Bg2 e6 7. Nge2 Be7 8. Bf4 Qd7 9. 0-0 0-0 10. Re1 Nc6 11. d5 exd5 12. Nxd5 Nxd5 13. Qxd5 Qxd5 14. Bxd5 Bf6 15. Bxc7 Bxb2 16. Rab1 Bf6 17. Nf4 Nd4 18. Bd6 Rd8 19. Be5 Bxe5 20. Rxe5 Kf8 1/2-1/2